Harry Potter Wizarding Schools - Statistics

General Stats
  • This quiz has been taken 119 times
    106 since last reset
  • The average score is 6 of 8
Answer Stats
School Country % Correct
Hogwarts United Kingdom
97%
Beauxbatons France
95%
Ilvermorny United States
91%
Koldovstoretz Russia
83%
Mahoutokoro Japan
54%
Castelobruxo Brazil
51%
Durmstrang Norway or Sweden
44%
Uagadou Uganda
44%
No matching quizzes found
Score Distribution
Percent of People with Each Score
Percentile by Number Answered
Your Score History
You have not taken this quiz since the last reset